| 000 | 00509nam a22001817a 4500 | ||
|---|---|---|---|
| 003 | OSt | ||
| 005 | 20140310183635.0 | ||
| 008 | 130207t xxu||||| |||| 00| 0 eng d | ||
| 050 |
_aLB 3051 _b.M266 1997 |
||
| 100 | _aManarang, L.Y. | ||
| 245 |
_aEducational evaluation and measurement / _cL.Y. Manarang, R. H. Manarang |
||
| 260 |
_aQuezon City : _bKatha, _c1998 |
||
| 300 |
_a114 p. : _c25 cm. |
||
| 521 | _aEDU | ||
| 650 | _a Educational tests and measurement. | ||
| 942 |
_2lcc _cBK _kLOC |
||
| 999 |
_c25712 _d25712 |
||